| 000 | 01919nam a2200433Ii 4500 | ||
|---|---|---|---|
| 001 | DIGEPUJ0321 | ||
| 003 | NyNyDIG | ||
| 006 | m o d | ||
| 007 | cr ||||||||||| | ||
| 008 | 230214s2022 ck a ob 000 0 spa d | ||
| 035 | _a(OCoLC)1371186075 | ||
| 040 |
_aDGITA _beng _erda _epn _cDGITA |
||
| 020 |
_a9789587816860 _qdigital |
||
| 020 |
_z9789587816853 _qimpreso |
||
| 043 | _as-ck--- | ||
| 050 | 1 | 4 | _aHC200.E5 ebook |
| 100 | 1 |
_aGuhl, Ernesto, _eauthor. |
|
| 245 | 1 | 0 |
_aAntropoceno : _bla huella humana, la frágil senda hacia un mundo y una Colombia sostenibles / _cErnesto Guhl Nannetti. |
| 250 | _aPrimera edición.. | ||
| 264 | 1 |
_aBogotá : _bEditorial Pontificia Universidad Javeriana : _bAcademia Colombiana de Ciencias Exactas, Físicas y Naturales, _c[2022] |
|
| 300 |
_a1 online resource : _billustrations. |
||
| 336 |
_atext _btxt _2rdacontent |
||
| 337 |
_acomputer _bc _2rdamedia |
||
| 338 |
_aonline resource _bcr _2rdacarrier |
||
| 347 |
_atext file _2rdaft |
||
| 347 | _bPDF | ||
| 500 | _a"Pontificia Universidad Javeriana - Academia Colombiana de Ciencias Exactas, Físicas y Naturales"--Cover. | ||
| 504 | _aIncludes bibliographical references. | ||
| 588 | 0 | _aOnline resource; title from PDF title page (Digitalia, viewed May 4, 2023) | |
| 650 | 0 |
_aClimatic changes _zColombia. |
|
| 650 | 0 |
_aConservation of natural resources _zColombia. |
|
| 650 | 0 |
_aSustainable development _zColombia. |
|
| 791 | 2 |
_aDigitalia (Firm), _edistributor. |
|
| 793 | 0 |
_gDigitalia eBook Collection: _aPontificia Universidad Javeriana |
|
| 776 | 0 | 8 |
_iPrint version: _aGuhl, Ernesto. _tAntropoceno. _bPrimera edición. _dBogotá : Editorial Pontificia Universidad Javeriana : Academia Colombiana de Ciencias Exactas, Físicas y Naturales, [2022] _z9789587816853 |
| 856 | 4 | 0 |
_3Digitalia Hispánica _uhttps://www.digitaliapublishing.com/a/115681/ |
| 910 | _aPremium collection: 2023 | ||
| 942 | _cRAA | ||
| 999 |
_c274674 _d274674 |
||